000 00868cam a22002533a 4500
001 8885
003 PGUSA
005 20140828083206.0
008 050901s2005||||xxu|||||s|||||000 | eng d
040 _aPGUSA
_beng
042 _adc
050 4 _aPR
100 1 _aBehn, Aphra,
_d1640-1689
245 1 4 _aThe Works of Aphra Behn, Volume II
_h[electronic resource] /
_cAphra Behn
260 _bProject Gutenberg,
_c2005
505 0 _aAbdelazer; or, The Moor's revenge -- The young king; or, The mistake -- The city heiress; or, Sir Timothy Treat-All -- The feign'd curtezans; or, A night's intrigue.
506 _aPublic domain in the USA.
516 _aElectronic text
653 _aEnglish drama -- 17th century
700 1 _aSummers, Montague,
_d1880-1948
830 0 _aProject Gutenberg
_v8885
856 4 0 _uhttp://www.gutenberg.org/ebooks/8885
942 _cEB
999 _c238169
_d238169